[Event "Ch_SFO"]
[Site "?"]
[Date "2018.03.20"]
[Round "8.1"]
[White "Petrukhina, Olga"]
[Black "Maletina, Tatiana"]
[Result "1/2-1/2"]
[BlackElo "2214"]
[WhiteElo "2133"]
[LiveChessVersion "1.4.8"]

1. Nf3 {[%clk 1:30:50]} d5 {[%clk 1:30:54]} 2. c4 {[%clk 1:31:17]} c6
{[%clk 1:31:14]} 3. g3 {[%clk 1:31:46]} Bg4 {[%clk 1:31:26]} 4. Ne5
{[%clk 1:26:59]} Be6 {[%clk 1:30:48]} 5. Bg2 {[%clk 1:26:34]} dxc4
{[%clk 1:28:04]} 6. Qc2 {[%clk 1:25:11]} Nf6 {[%clk 1:17:17]} 7. Na3
{[%clk 1:17:35]} g6 {[%clk 1:16:33]} 8. Naxc4 {[%clk 1:15:26]} Bg7
{[%clk 1:16:58]} 9. Nf3 {[%clk 1:13:39]} O-O {[%clk 1:16:32]} 10. O-O
{[%clk 1:10:14]} Na6 {[%clk 1:15:57]} 11. a3 {[%clk 1:06:38]} Nc5
{[%clk 1:10:53]} 12. b4 {[%clk 0:56:50]} Nce4 {[%clk 1:00:12]} 13. d3
{[%clk 0:52:24]} Nd6 {[%clk 0:58:20]} 14. Bb2 {[%clk 0:46:11]} Qc8
{[%clk 0:52:51]} 15. Nxd6 {[%clk 0:28:31]} exd6 {[%clk 0:53:16]} 16. Bd4
{[%clk 0:28:51]} Bh3 {[%clk 0:51:09]} 17. Qb2 {[%clk 0:26:58]} Bxg2
{[%clk 0:51:03]} 18. Kxg2 {[%clk 0:27:26]} Nh5 {[%clk 0:51:24]} 19. Bxg7
{[%clk 0:25:22]} Nxg7 {[%clk 0:51:49]} 20. Ng5 {[%clk 0:25:11]} d5
{[%clk 0:51:41]} 21. Qd4 {[%clk 0:20:54]} f6 {[%clk 0:47:24]} 22. Nf3
{[%clk 0:21:00]} Qe6 {[%clk 0:47:49]} 23. e3 {[%clk 0:19:15]} Nf5
{[%clk 0:47:17]} 24. Qc5 {[%clk 0:16:04]} a6 {[%clk 0:42:18]} 25. Nd4
{[%clk 0:15:36]} Nxd4 {[%clk 0:42:40]} 26. Qxd4 {[%clk 0:15:54]} Qe5
{[%clk 0:40:21]} 27. a4 {[%clk 0:09:14]} Qxd4 {[%clk 0:34:02]} 28. exd4
{[%clk 0:09:43]} Kf7 {[%clk 0:34:25]} 29. Rab1 {[%clk 0:09:07]} Ke6
{[%clk 0:34:28]} 30. h4 {[%clk 0:06:39]} h5 {[%clk 0:24:36]} 31. Rfe1+
{[%clk 0:06:46]} Kd6 {[%clk 0:25:00]} 32. Re3 {[%clk 0:06:47]} Rfe8
{[%clk 0:24:27]} 33. Kf3 {[%clk 0:07:11]} b6 {[%clk 0:24:07]} 34. a5
{[%clk 0:05:58]} Rxe3+ {[%clk 0:19:33]} 35. fxe3 {[%clk 0:06:27]} Rb8
{[%clk 0:19:53]} 36. Ra1 {[%clk 0:06:16]} bxa5 {[%clk 0:18:50]} 37. Rxa5
{[%clk 0:06:45]} Rb6 {[%clk 0:18:57]} 38. Ra4 {[%clk 0:05:49]} Ke6
{[%clk 0:19:14]} 39. Kf4 {[%clk 0:05:31]} Kd6 {[%clk 0:16:17]} 40. e4 dxe4
{[%clk 0:11:56]} 41. dxe4 {[%clk 0:03:53]} Ke6 {[%clk 0:12:23]} 42. Ke3
{[%clk 0:01:54]} f5 {[%clk 0:06:48]} 43. Kd3 {[%clk 0:02:18]} fxe4+
{[%clk 0:06:04]} 44. Kxe4 {[%clk 0:02:47]} Kd6 {[%clk 0:05:00]} 45. Ra5
{[%clk 0:03:06]} Rb5 {[%clk 0:04:25]} 46. Rxa6 {[%clk 0:02:27]} Rxb4
{[%clk 0:04:51]} 47. Ra5 Rb5 48. Ra3 {[%clk 0:01:35]} Rb4 {[%clk 0:04:36]} 49.
Rc3 {[%clk 0:01:08]} Rb1 {[%clk 0:01:51]} 50. Rc5 {[%clk 0:00:59]} Re1+
{[%clk 0:02:16]} 51. Kd3 {[%clk 0:01:01]} Rd1+ {[%clk 0:02:31]} 52. Ke3
{[%clk 0:01:28]} Re1+ {[%clk 0:02:55]} 53. Kf3 {[%clk 0:00:46]} Rf1+
{[%clk 0:01:47]} 54. Ke2 {[%clk 0:01:01]} Rf6 {[%clk 0:01:00]} 55. Ke3
{[%clk 0:01:05]} Rf8 {[%clk 0:00:48]} 56. Rg5 {[%clk 0:01:05]} Rf6
{[%clk 0:01:02]} 57. Ke4 {[%clk 0:00:53]} Re6+ {[%clk 0:01:28]} 58. Kd3
{[%clk 0:01:06]} Rf6 {[%clk 0:01:53]} 59. Kc4 {[%clk 0:00:52]} Re6
{[%clk 0:02:16]} 60. Kb4 {[%clk 0:00:41]} Rf6 {[%clk 0:02:42]} 61. Kc3
{[%clk 0:00:38]} Rf3+ {[%clk 0:02:44]} 62. Kb4 {[%clk 0:00:48]} Rf6
{[%clk 0:03:09]} 63. Kc4 {[%clk 0:00:44]} Re6 {[%clk 0:03:32]} 1/2-1/2

[Event "Ch_SFO"]
[Site "?"]
[Date "2018.03.20"]
[Round "8.2"]
[White "Matiukova, Uliana"]
[Black "Orshonova, Elena"]
[Result "1-0"]
[BlackElo "2024"]
[WhiteElo "1986"]
[LiveChessVersion "1.4.8"]

1. d4 {[%clk 1:30:57]} Nf6 {[%clk 1:30:47]} 2. c4 {[%clk 1:31:22]} g6
{[%clk 1:31:12]} 3. Nc3 {[%clk 1:31:45]} Bg7 {[%clk 1:31:30]} 4. e4
{[%clk 1:32:06]} d6 {[%clk 1:31:56]} 5. f3 {[%clk 1:32:22]} O-O {[%clk 1:31:51]}
6. Be3 {[%clk 1:32:36]} c5 {[%clk 1:31:29]} 7. Nge2 {[%clk 1:32:46]} Nc6
{[%clk 1:31:35]} 8. d5 {[%clk 1:32:55]} Ne5 {[%clk 1:31:53]} 9. Ng3
{[%clk 1:32:41]} e6 {[%clk 1:31:19]} 10. Be2 {[%clk 1:32:42]} exd5
{[%clk 1:31:40]} 11. cxd5 {[%clk 1:33:06]} h5 {[%clk 1:30:53]} 12. O-O
{[%clk 1:30:56]} h4 {[%clk 1:29:35]} 13. Nh1 {[%clk 1:31:16]} h3 {[%clk 1:29:29]}
14. Nf2 {[%clk 1:22:54]} hxg2 {[%clk 1:29:45]} 15. Kxg2 {[%clk 1:23:19]} a6
{[%clk 1:19:42]} 16. a4 {[%clk 1:23:33]} Re8 {[%clk 1:19:32]} 17. Rh1
{[%clk 1:14:58]} Nh7 {[%clk 1:10:32]} 18. Qd2 {[%clk 1:08:37]} Qh4
{[%clk 1:09:29]} 19. Bf4 {[%clk 1:06:19]} f5 {[%clk 1:06:38]} 20. Bg3
{[%clk 1:04:41]} Qf6 {[%clk 1:06:37]} 21. h4 {[%clk 1:03:25]} Qf8
{[%clk 1:01:31]} 22. Nh3 {[%clk 0:55:03]} Nf6 {[%clk 1:01:20]} 23. Ng5
{[%clk 0:50:52]} Nh5 {[%clk 0:59:17]} 24. Bh2 {[%clk 0:48:42]} f4
{[%clk 0:57:21]} 25. Rag1 {[%clk 0:41:46]} Bd7 {[%clk 0:55:26]} 26. Ne6
{[%clk 0:36:34]} Qf7 {[%clk 0:47:21]} 27. Nxg7 {[%clk 0:34:12]} Kxg7
{[%clk 0:47:34]} 28. Kf2 {[%clk 0:31:48]} Kh7 {[%clk 0:43:17]} 29. Rg5
{[%clk 0:30:53]} Rf8 {[%clk 0:43:13]} 30. Rhg1 {[%clk 0:28:47]} Qf6
{[%clk 0:43:00]} 31. Ke1 {[%clk 0:26:36]} Rab8 {[%clk 0:42:03]} 32. Nd1
{[%clk 0:18:17]} Bxa4 {[%clk 0:40:45]} 33. Nf2 {[%clk 0:18:42]} Bd7
{[%clk 0:39:17]} 34. Nd3 {[%clk 0:18:04]} Nc4 {[%clk 0:26:44]} 35. Qc3
{[%clk 0:12:05]} b5 {[%clk 0:25:49]} 36. Rxg6 {[%clk 0:10:15]} Qxh4+
{[%clk 0:18:23]} 37. Kd1 {[%clk 0:10:40]} Rg8 {[%clk 0:15:54]} 38. Nxf4
{[%clk 0:04:54]} Qxh2 {[%clk 0:12:59]} 39. Nxh5 {[%clk 0:04:41]} Rxg6
{[%clk 0:11:10]} 40. Rxg6 {[%clk 0:05:00]} Ne5 {[%clk 0:09:30]} 41. Rg7+
{[%clk 0:04:14]} Kh8 {[%clk 0:09:56]} 42. f4 {[%clk 0:03:59]} b4 {[%clk 0:09:11]}
43. Qg3 {[%clk 0:03:31]} Qh1+ {[%clk 0:08:49]} 44. Kd2 {[%clk 0:03:12]} Qxe4
{[%clk 0:07:59]} 45. fxe5 {[%clk 0:03:38]} c4 {[%clk 0:03:41]} 46. Bxc4
{[%clk 0:01:58]} Ba4 {[%clk 0:02:19]} 47. Bd3 {[%clk 0:02:14]} 1-0

[Event "Ch_SFO"]
[Site "?"]
[Date "2018.03.20"]
[Round "8.3"]
[White "Loskutova, Viktoriya"]
[Black "Samdanova, Surena"]
[Result "1-0"]
[BlackElo "1953"]
[WhiteElo "2027"]
[LiveChessVersion "1.4.8"]

1. e4 {[%clk 1:30:58]} c5 {[%clk 1:30:52]} 2. Nf3 {[%clk 1:31:24]} d6
{[%clk 1:31:19]} 3. Bb5+ {[%clk 1:31:48]} Nd7 {[%clk 1:31:45]} 4. O-O
{[%clk 1:32:12]} a6 {[%clk 1:31:58]} 5. Bd3 {[%clk 1:32:35]} Ngf6
{[%clk 1:32:08]} 6. c3 {[%clk 1:32:27]} g6 {[%clk 1:29:08]} 7. Bc2
{[%clk 1:32:48]} Bg7 {[%clk 1:28:05]} 8. d4 {[%clk 1:33:04]} O-O {[%clk 1:27:34]}
9. h3 {[%clk 1:31:03]} Qc7 {[%clk 1:26:34]} 10. Re1 {[%clk 1:21:40]} e5
{[%clk 1:25:19]} 11. Be3 {[%clk 1:15:19]} b5 {[%clk 1:24:38]} 12. a4
{[%clk 1:14:41]} cxd4 {[%clk 1:21:34]} 13. cxd4 {[%clk 1:14:58]} b4
{[%clk 1:21:33]} 14. a5 {[%clk 1:04:12]} Bb7 {[%clk 1:11:30]} 15. d5
{[%clk 1:01:47]} Rac8 {[%clk 1:08:54]} 16. Bd3 {[%clk 0:58:13]} Nc5
{[%clk 1:06:56]} 17. Bxc5 {[%clk 0:44:54]} dxc5 {[%clk 1:05:22]} 18. Nbd2
{[%clk 0:42:45]} Ne8 {[%clk 1:04:28]} 19. Nc4 {[%clk 0:38:44]} f6
{[%clk 0:54:30]} 20. d6 {[%clk 0:36:36]} Qf7 {[%clk 0:53:29]} 21. d7
{[%clk 0:34:34]} Qxd7 {[%clk 0:53:52]} 22. Nb6 {[%clk 0:35:01]} Qc7
{[%clk 0:53:50]} 23. Nxc8 {[%clk 0:35:07]} Qxc8 {[%clk 0:54:15]} 24. Bc4+
{[%clk 0:35:15]} Kh8 {[%clk 0:54:37]} 25. Bd5 {[%clk 0:30:37]} Nd6
{[%clk 0:54:19]} 26. Bxb7 {[%clk 0:29:30]} Nxb7 {[%clk 0:54:44]} 27. Qa4
{[%clk 0:28:49]} Qc7 {[%clk 0:50:47]} 28. Red1 {[%clk 0:17:40]} Nd6
{[%clk 0:50:59]} 29. Qc2 {[%clk 0:18:04]} Qc6 {[%clk 0:47:51]} 30. Rd5
{[%clk 0:14:26]} Rc8 {[%clk 0:45:49]} 31. Rad1 {[%clk 0:13:17]} Bf8
{[%clk 0:45:40]} 32. b3 {[%clk 0:12:35]} Be7 {[%clk 0:44:55]} 33. Qd3
{[%clk 0:09:00]} Nb5 {[%clk 0:36:47]} 34. Rd7 {[%clk 0:08:48]} Re8
{[%clk 0:37:04]} 35. Qd5 {[%clk 0:05:07]} Qxd5 {[%clk 0:37:28]} 36. exd5
{[%clk 0:05:25]} Bd6 {[%clk 0:36:03]} 37. Nd2 {[%clk 0:04:21]} e4
{[%clk 0:34:26]} 38. Nc4 {[%clk 0:04:36]} Bf4 {[%clk 0:34:50]} 39. g3
{[%clk 0:03:18]} Bg5 {[%clk 0:34:23]} 40. h4 {[%clk 0:03:29]} Bh6
{[%clk 0:34:49]} 41. Nd6 {[%clk 0:03:55]} Nxd6 {[%clk 0:34:10]} 42. Rxd6
{[%clk 0:04:24]} c4 {[%clk 0:31:25]} 43. bxc4 {[%clk 0:04:17]} b3
{[%clk 0:31:51]} 44. Rb1 {[%clk 0:04:08]} e3 {[%clk 0:32:14]} 45. f4
{[%clk 0:02:28]} Bf8 {[%clk 0:32:10]} 46. Re6 {[%clk 0:02:54]} Rb8
{[%clk 0:31:40]} 47. Rb6 {[%clk 0:02:50]} Re8 {[%clk 0:31:54]} 48. R6xb3
{[%clk 0:03:03]} Bc5 {[%clk 0:31:07]} 49. Kf1 {[%clk 0:01:22]} Kg7
{[%clk 0:30:41]} 50. Ke2 {[%clk 0:01:47]} Kh6 {[%clk 0:30:26]} 51. Rd3
{[%clk 0:01:38]} 1-0

[Event "Ch_SFO"]
[Site "?"]
[Date "2018.03.20"]
[Round "8.4"]
[White "Zotova, Anastasia"]
[Black "Yanuchenko, Polina"]
[Result "1/2-1/2"]
[BlackElo "2105"]
[WhiteElo "2032"]
[LiveChessVersion "1.4.8"]

1. e4 {[%clk 1:30:58]} c5 {[%clk 1:30:51]} 2. Nf3 {[%clk 1:31:24]} Nc6
{[%clk 1:30:26]} 3. d4 {[%clk 1:31:48]} cxd4 {[%clk 1:30:29]} 4. Nxd4
{[%clk 1:32:12]} g6 {[%clk 1:30:21]} 5. Nc3 {[%clk 1:32:35]} Bg7 {[%clk 1:30:11]}
6. Be3 {[%clk 1:32:54]} Nf6 {[%clk 1:28:39]} 7. Bc4 {[%clk 1:33:08]} O-O
{[%clk 1:28:48]} 8. Bb3 {[%clk 1:33:15]} Re8 {[%clk 1:27:00]} 9. f3
{[%clk 1:33:00]} e6 {[%clk 1:22:26]} 10. O-O {[%clk 1:25:02]} d5 {[%clk 1:20:44]}
11. exd5 {[%clk 1:24:44]} Nxd5 {[%clk 1:20:21]} 12. Nxd5 {[%clk 1:24:05]} exd5
{[%clk 1:20:10]} 13. Bf2 {[%clk 1:24:16]} Qg5 {[%clk 1:17:47]} 14. Kh1
{[%clk 1:19:41]} h5 {[%clk 0:59:59]} 15. c3 {[%clk 1:16:18]} h4 {[%clk 0:35:13]}
16. f4 {[%clk 1:13:07]} Qd8 {[%clk 0:29:13]} 17. Nf3 {[%clk 1:13:03]} h3
{[%clk 0:28:05]} 18. Qxd5 {[%clk 1:12:31]} hxg2+ {[%clk 0:26:14]} 19. Kxg2
{[%clk 1:12:54]} Be6 {[%clk 0:23:47]} 20. Qxd8 {[%clk 1:13:10]} Raxd8
{[%clk 0:24:12]} 21. Bxe6 {[%clk 1:13:01]} Rxe6 {[%clk 0:24:36]} 22. Rfe1
{[%clk 1:12:52]} Red6 {[%clk 0:22:45]} 23. Re2 {[%clk 1:11:28]} f6
{[%clk 0:17:32]} 24. Nd4 {[%clk 1:09:12]} Nxd4 {[%clk 0:14:00]} 25. Bxd4
{[%clk 1:09:35]} f5 {[%clk 0:14:05]} 26. Bxa7 {[%clk 1:05:01]} Rd2
{[%clk 0:13:05]} 27. Kf2 {[%clk 1:04:05]} Kf7 {[%clk 0:09:50]} 28. Be3
{[%clk 1:03:46]} Rxe2+ {[%clk 0:09:41]} 29. Kxe2 {[%clk 1:04:14]} Rh8
{[%clk 0:10:04]} 30. Bg1 {[%clk 1:03:11]} Rh4 {[%clk 0:09:11]} 31. Rd1
{[%clk 1:00:55]} Ke6 {[%clk 0:07:44]} 32. Kf3 {[%clk 1:00:15]} Bf8
{[%clk 0:06:48]} 33. Re1+ {[%clk 0:56:29]} Kd7 {[%clk 0:05:41]} 34. Re2
{[%clk 0:56:22]} Bd6 {[%clk 0:05:21]} 35. Be3 {[%clk 0:56:44]} Rh3+
{[%clk 0:05:10]} 36. Kg2 {[%clk 0:56:59]} Rh4 {[%clk 0:05:24]} 37. Rf2
{[%clk 0:57:11]} Kc6 {[%clk 0:04:16]} 38. h3 {[%clk 0:57:21]} Kd5
{[%clk 0:02:44]} 39. Rd2+ {[%clk 0:53:11]} Ke6 {[%clk 0:02:12]} 40. Bf2
{[%clk 0:52:50]} Rh8 {[%clk 0:02:03]} 41. Bg3 {[%clk 0:52:33]} Ra8
{[%clk 0:02:14]} 42. a3 {[%clk 0:52:24]} Ra4 {[%clk 0:02:08]} 43. Kf3
{[%clk 0:52:47]} Rc4 {[%clk 0:01:33]} 44. Rd3 {[%clk 0:51:52]} Ra4
{[%clk 0:01:35]} 45. Rd2 {[%clk 0:47:19]} Rc4 {[%clk 0:01:48]} 46. Rc2
{[%clk 0:47:44]} Rc6 {[%clk 0:00:45]} 47. Bf2 {[%clk 0:47:29]} Kd5
{[%clk 0:00:51]} 48. Bd4 {[%clk 0:45:17]} Kc4 {[%clk 0:01:01]} 49. Rg2
{[%clk 0:44:18]} Bc7 {[%clk 0:01:03]} 50. Re2 {[%clk 0:40:43]} Kb3
{[%clk 0:01:04]} 51. Be5 {[%clk 0:40:47]} Bb6 {[%clk 0:00:55]} 52. Rd2
{[%clk 0:40:55]} Bc5 {[%clk 0:00:57]} 53. Kg3 {[%clk 0:40:32]} Be3
{[%clk 0:01:14]} 54. Rd7 {[%clk 0:38:22]} Kxb2 {[%clk 0:00:55]} 55. Rxb7+
{[%clk 0:38:46]} Kxa3 {[%clk 0:01:20]} 56. Kh4 {[%clk 0:37:15]} Bb6
{[%clk 0:00:57]} 57. Rxb6 {[%clk 0:36:05]} Rxb6 {[%clk 0:01:23]} 58. Kg5
{[%clk 0:36:31]} Rb1 {[%clk 0:00:42]} 59. Kxg6 {[%clk 0:36:40]} Rh1
{[%clk 0:01:06]} 60. Kxf5 {[%clk 0:36:59]} Rxh3 {[%clk 0:01:32]} 61. Ke6
{[%clk 0:36:33]} Rh6+ {[%clk 0:01:33]} 62. Kf7 {[%clk 0:36:54]} Kb3
{[%clk 0:01:26]} 63. f5 {[%clk 0:36:46]} Kc4 {[%clk 0:01:28]} 64. f6
{[%clk 0:36:14]} Kd5 {[%clk 0:01:45]} 65. Bd4 {[%clk 0:36:39]} Rh4
{[%clk 0:00:57]} 66. Ke8 {[%clk 0:32:13]} Re4+ {[%clk 0:01:11]} 67. Kf7
{[%clk 0:32:09]} Rh4 {[%clk 0:01:35]} 68. Kg8 {[%clk 0:32:27]} Rg4+
{[%clk 0:01:45]} 69. Kf7 {[%clk 0:32:45]} Rh4 {[%clk 0:02:10]} 70. Kg6
{[%clk 0:32:23]} Ke6 {[%clk 0:01:50]} 71. Kg5 {[%clk 0:32:39]} Re4
{[%clk 0:01:08]} 72. Bb6 {[%clk 0:30:54]} Re5+ {[%clk 0:01:09]} 73. Kg6
{[%clk 0:31:19]} Re4 {[%clk 0:01:14]} 74. Kg5 {[%clk 0:30:29]} Re5+
{[%clk 0:01:32]} 75. Kg6 {[%clk 0:29:26]} 1/2-1/2

[Event "Ch_SFO"]
[Site "?"]
[Date "2018.03.20"]
[Round "8.5"]
[White "Bocharov, Ivan"]
[Black "Belozerov, Andrei"]
[Result "1-0"]
[BlackElo "2526"]
[WhiteElo "2530"]
[LiveChessVersion "1.4.8"]

1. e4 {[%clk 1:30:59]} c5 {[%clk 1:26:04]} 2. Nf3 {[%clk 1:31:23]} Nc6
{[%clk 1:26:28]} 3. d4 {[%clk 1:31:44]} cxd4 {[%clk 1:26:51]} 4. Nxd4
{[%clk 1:32:11]} g6 {[%clk 1:27:17]} 5. Nc3 {[%clk 1:32:33]} Bg7 {[%clk 1:27:42]}
6. Be3 {[%clk 1:32:57]} Nf6 {[%clk 1:28:09]} 7. Bc4 {[%clk 1:32:44]} O-O
{[%clk 1:27:40]} 8. Bb3 {[%clk 1:31:22]} Re8 {[%clk 1:27:46]} 9. f3
{[%clk 1:28:22]} e6 {[%clk 1:27:53]} 10. O-O {[%clk 1:25:11]} d5 {[%clk 1:27:32]}
11. exd5 {[%clk 1:24:54]} Nxd5 {[%clk 1:27:03]} 12. Nxd5 {[%clk 1:24:24]} exd5
{[%clk 1:27:26]} 13. Bf2 {[%clk 1:24:25]} Qg5 {[%clk 1:27:12]} 14. h4
{[%clk 1:13:05]} Qf4 {[%clk 1:11:03]} 15. Ne2 {[%clk 1:12:03]} Qe5
{[%clk 1:07:11]} 16. Nc3 {[%clk 1:10:18]} Be6 {[%clk 1:03:12]} 17. Qd2
{[%clk 1:05:01]} d4 {[%clk 0:56:33]} 18. Ne4 {[%clk 1:04:36]} f5 {[%clk 0:52:38]}
19. Bg3 {[%clk 0:49:26]} Qa5 {[%clk 0:49:06]} 20. Qxa5 {[%clk 0:49:11]} Nxa5
{[%clk 0:49:34]} 21. Nd6 {[%clk 0:48:40]} Re7 {[%clk 0:47:27]} 22. Bxe6+
{[%clk 0:44:22]} Rxe6 {[%clk 0:47:10]} 23. Rfe1 {[%clk 0:44:51]} Rxe1+
{[%clk 0:43:48]} 24. Rxe1 {[%clk 0:45:20]} Rd8 {[%clk 0:42:50]} 25. Ne8
{[%clk 0:34:00]} Nc6 {[%clk 0:40:32]} 26. Nxg7 {[%clk 0:33:24]} Kxg7
{[%clk 0:40:59]} 27. Kf2 {[%clk 0:32:08]} Kf7 {[%clk 0:37:48]} 28. a3
{[%clk 0:24:41]} Rd5 {[%clk 0:36:16]} 29. Ke2 {[%clk 0:21:55]} Rb5
{[%clk 0:30:37]} 30. Rb1 {[%clk 0:17:48]} Ke6 {[%clk 0:26:52]} 31. Kd3
{[%clk 0:18:10]} Kd5 {[%clk 0:27:01]} 32. b4 {[%clk 0:18:21]} a6 {[%clk 0:19:32]}
33. Rd1 {[%clk 0:15:47]} Ke6 {[%clk 0:16:23]} 34. Re1+ {[%clk 0:15:15]} Kf6
{[%clk 0:15:09]} 35. Kc4 {[%clk 0:15:03]} h6 {[%clk 0:15:15]} 36. Bd6
{[%clk 0:14:54]} f4 {[%clk 0:13:36]} 37. Bc5 {[%clk 0:12:42]} b6 {[%clk 0:10:38]}
38. a4 {[%clk 0:12:19]} Na5+ {[%clk 0:10:41]} 39. Kd5 {[%clk 0:11:56]} 1-0

[Event "Ch_SFO"]
[Site "?"]
[Date "2018.03.20"]
[Round "8.6"]
[White "Khegay, Dmitriy"]
[Black "Sviridov, Valery"]
[Result "1/2-1/2"]
[BlackElo "2506"]
[WhiteElo "2485"]
[LiveChessVersion "1.4.8"]

1. Nf3 {[%clk 1:30:57]} Nf6 {[%clk 1:28:42]} 2. c4 {[%clk 1:31:22]} g6
{[%clk 1:28:42]} 3. Nc3 {[%clk 1:31:47]} d5 {[%clk 1:28:55]} 4. cxd5
{[%clk 1:32:12]} Nxd5 {[%clk 1:29:20]} 5. Qb3 {[%clk 1:32:38]} Nb6
{[%clk 1:29:25]} 6. d4 {[%clk 1:33:02]} Bg7 {[%clk 1:29:47]} 7. Bf4
{[%clk 1:33:27]} O-O {[%clk 1:30:00]} 8. e3 {[%clk 1:33:50]} Be6 {[%clk 1:21:35]}
9. Qa3 {[%clk 1:34:12]} a5 {[%clk 1:20:49]} 10. Rc1 {[%clk 1:33:32]} c6
{[%clk 1:19:57]} 11. Be2 {[%clk 1:33:34]} Nc4 {[%clk 1:18:48]} 12. Qa4
{[%clk 1:29:04]} Nxb2 {[%clk 1:13:14]} 13. Qc2 {[%clk 1:29:18]} Nc4
{[%clk 1:13:37]} 14. Ng5 {[%clk 1:29:39]} Nd6 {[%clk 1:08:10]} 15. Nxe6
{[%clk 1:26:45]} fxe6 {[%clk 1:08:35]} 16. Bg3 {[%clk 1:20:40]} Na6
{[%clk 1:07:08]} 17. Qb3 {[%clk 1:20:31]} Nc7 {[%clk 1:07:05]} 18. Na4
{[%clk 1:15:05]} Rb8 {[%clk 0:56:54]} 19. Nc5 {[%clk 1:09:56]} Kh8
{[%clk 0:57:02]} 20. O-O {[%clk 1:10:10]} b6 {[%clk 0:50:28]} 21. Nxe6
{[%clk 1:06:43]} Nxe6 {[%clk 0:50:51]} 22. Qxe6 {[%clk 1:07:10]} Rf6
{[%clk 0:50:08]} 23. Qb3 {[%clk 1:05:49]} c5 {[%clk 0:49:59]} 24. Be5
{[%clk 0:56:56]} cxd4 {[%clk 0:49:08]} 25. Bxf6 {[%clk 0:49:04]} Bxf6
{[%clk 0:49:31]} 26. exd4 {[%clk 0:47:22]} Nf5 {[%clk 0:49:22]} 27. Rfd1
{[%clk 0:44:23]} Nxd4 {[%clk 0:49:32]} 28. Qe3 {[%clk 0:44:48]} b5
{[%clk 0:48:05]} 29. h4 {[%clk 0:44:27]} Qd5 {[%clk 0:47:39]} 30. Rd2
{[%clk 0:27:10]} b4 {[%clk 0:42:18]} 31. Rcd1 {[%clk 0:22:36]} Rd8
{[%clk 0:41:14]} 32. Bf3 {[%clk 0:20:55]} Qc5 {[%clk 0:39:10]} 33. Be4
{[%clk 0:19:09]} Kg7 {[%clk 0:36:15]} 34. Bb1 {[%clk 0:18:14]} a4
{[%clk 0:31:22]} 35. Qe4 {[%clk 0:16:42]} Rd5 {[%clk 0:22:52]} 36. h5
{[%clk 0:07:15]} Re5 {[%clk 0:22:23]} 37. h6+ {[%clk 0:07:42]} Kf7
{[%clk 0:22:46]} 38. Qd3 {[%clk 0:05:07]} Rd5 {[%clk 0:21:31]} 39. Rc2
{[%clk 0:01:10]} Qd6 {[%clk 0:20:58]} 40. Qc4 {[%clk 0:01:35]} Kf8
{[%clk 0:17:26]} 41. Qc8+ {[%clk 0:02:01]} Kf7 {[%clk 0:17:49]} 42. Qc4
{[%clk 0:02:18]} Kf8 {[%clk 0:17:58]} 43. Qc8+ {[%clk 0:01:16]} Kf7
{[%clk 0:18:21]} 44. Qc4 {[%clk 0:01:40]} Kf8 {[%clk 0:17:37]} 1/2-1/2

[Event "Ch_SFO"]
[Site "?"]
[Date "2018.03.20"]
[Round "8.7"]
[White "Anikonov, Dmitry"]
[Black "Khanin, Semen"]
[Result "0-1"]
[BlackElo "2463"]
[WhiteElo "2398"]
[LiveChessVersion "1.4.8"]

1. d4 {[%clk 1:30:58]} Nf6 {[%clk 1:30:54]} 2. Bf4 {[%clk 1:31:22]} d5
{[%clk 1:31:13]} 3. e3 {[%clk 1:31:28]} c5 {[%clk 1:30:57]} 4. c3
{[%clk 1:31:28]} Nc6 {[%clk 1:30:59]} 5. Nd2 {[%clk 1:31:49]} e6 {[%clk 1:29:10]}
6. Bd3 {[%clk 1:29:57]} Be7 {[%clk 1:28:14]} 7. Ngf3 {[%clk 1:27:04]} Nh5
{[%clk 1:28:21]} 8. Be5 {[%clk 1:26:50]} Nxe5 {[%clk 1:27:51]} 9. dxe5
{[%clk 1:26:46]} g6 {[%clk 1:27:04]} 10. O-O {[%clk 1:24:11]} O-O
{[%clk 1:25:53]} 11. c4 {[%clk 1:13:57]} Bd7 {[%clk 1:20:51]} 12. Qc2
{[%clk 1:08:03]} Bc6 {[%clk 1:15:02]} 13. Rfd1 {[%clk 1:07:35]} Qc7
{[%clk 1:14:30]} 14. Rac1 {[%clk 1:06:01]} Rad8 {[%clk 1:12:29]} 15. Be2
{[%clk 1:01:48]} b6 {[%clk 1:03:20]} 16. cxd5 {[%clk 0:54:01]} Rxd5
{[%clk 0:55:46]} 17. b4 {[%clk 0:45:57]} Rfd8 {[%clk 0:52:12]} 18. b5
{[%clk 0:42:39]} Bb7 {[%clk 0:50:58]} 19. Nc4 {[%clk 0:41:23]} Rxd1+
{[%clk 0:41:29]} 20. Rxd1 {[%clk 0:41:30]} Ng7 {[%clk 0:40:38]} 21. e4
{[%clk 0:27:06]} Rxd1+ {[%clk 0:39:31]} 22. Bxd1 {[%clk 0:27:28]} Qd7
{[%clk 0:39:58]} 23. Be2 {[%clk 0:23:17]} Qxb5 {[%clk 0:39:28]} 24. Nd6
{[%clk 0:23:39]} Qd7 {[%clk 0:39:29]} 25. Nxb7 {[%clk 0:24:04]} Qxb7
{[%clk 0:39:55]} 26. Qa4 {[%clk 0:24:32]} Qc7 {[%clk 0:37:43]} 27. g3
{[%clk 0:24:31]} g5 {[%clk 0:35:26]} 28. h3 {[%clk 0:23:14]} h5 {[%clk 0:35:09]}
29. Bb5 {[%clk 0:22:08]} a5 {[%clk 0:31:51]} 30. Qd1 {[%clk 0:19:45]} c4
{[%clk 0:31:02]} 31. Qc2 {[%clk 0:16:45]} c3 {[%clk 0:28:50]} 32. a4
{[%clk 0:16:52]} g4 {[%clk 0:25:34]} 33. hxg4 {[%clk 0:16:43]} hxg4
{[%clk 0:26:00]} 34. Nd4 {[%clk 0:14:29]} Qc5 {[%clk 0:22:43]} 35. Ne2
{[%clk 0:13:50]} Qxe5 {[%clk 0:23:05]} 36. Nxc3 {[%clk 0:13:51]} Nh5
{[%clk 0:23:17]} 37. Kg2 {[%clk 0:09:32]} Nf6 {[%clk 0:23:14]} 38. Bd3
{[%clk 0:09:53]} Bc5 {[%clk 0:22:54]} 39. Ne2 {[%clk 0:10:03]} Qd6
{[%clk 0:18:09]} 40. Qc3 {[%clk 0:08:23]} Nd7 {[%clk 0:16:05]} 41. Nf4
{[%clk 0:08:07]} Ne5 {[%clk 0:16:10]} 42. Be2 {[%clk 0:08:29]} Bb4
{[%clk 0:10:33]} 43. Qc8+ {[%clk 0:07:57]} Kh7 {[%clk 0:11:00]} 44. Nh5
{[%clk 0:04:31]} Qd4 {[%clk 0:09:28]} 45. Qc2 {[%clk 0:04:27]} Kg6
{[%clk 0:08:48]} 46. Nf4+ {[%clk 0:04:51]} Kf6 {[%clk 0:08:19]} 47. Bd1
{[%clk 0:04:12]} Bc5 {[%clk 0:08:18]} 48. Qe2 {[%clk 0:04:29]} Nf3
{[%clk 0:07:59]} 49. Bc2 {[%clk 0:03:59]} Ke7 {[%clk 0:08:13]} 50. Qf1
{[%clk 0:03:19]} Qd2 {[%clk 0:06:59]} 51. Bb3 {[%clk 0:02:15]} Ne1+
{[%clk 0:07:25]} 52. Kg1 {[%clk 0:02:26]} Qc3 {[%clk 0:07:50]} 0-1